00452 2200181 4500001002100000005001500021008004100036020002200077035001900099041000700118082001100125090001500136100002700151245003100178260002300209300002400232650001400256INLIS00000000000246120241224112537241224||||||||| | ||| |||| || |  a978-979-071-063-4 0010-1224002461 aid0 a639.31 a639.31 TIM0 aTim Karya Tani Mandiri00aPedoman Budidaya Ikan Nila bNuansa Auliac2009 avi,154 hlm.;19.5 cm 0aIkan Nila